| 000 | 01653cam a22003011i 4500 | ||
|---|---|---|---|
| 003 | SA-RiAUC | ||
| 005 | 20250923051924.0 | ||
| 008 | 250810q19001999pk g b 000 0 ara c | ||
| 040 |
_aSA-JeALM _bara _cSA-RiAUC _erda |
||
| 082 | 0 | 4 |
_a251 _qSA-RiAUC |
| 090 |
_a251 _bب ز د |
||
| 100 | 1 |
_aالبزدوي، علي بن محمد بن الحسين، _d400-482 هجري _eمؤلف. |
|
| 245 | 1 | 0 |
_aأصول البزدوي : _bكنز الوصول إلى معرفة الأصول / _cتأليف الإمام فخر الإسلام علي بن محمد البزدوي الحنفي. وبهامشه تخريج أحاديث أصول البزدوي / للحافظ قاسم ابن قطلوبغا : تحقيق سائد بكداش. |
| 246 | 3 | 0 | _aكنز الوصول إلى معرفة الأصول |
| 264 | 1 |
_aالمدينة المنورة : _bدار السراج. _c2014. |
|
| 300 |
_a838 صفحة ؛ _c24 سم. |
||
| 336 |
_aنص _btxt _2rdacontent _3كتاب |
||
| 337 |
_aبدون وسيط _bn _2rdamedia |
||
| 338 |
_aمجلد _bnc _2rdacarrier |
||
| 500 | _aيشتمل على ملاحق. | ||
| 504 | _aيشتمل على إرجاعات ببليوجرافية. | ||
| 650 | 7 |
_aأصول الفقه الإسلامي _2aucsh |
|
| 700 | 1 | 2 |
_iمع : _aابن قطلوبغا، قاسم بن قطلوبغا، _d802-879 هجري. _tتخريج أحاديث أصول البزدوي. |
| 700 | 1 | 2 |
_iتخريج لـ : _aالبزدوي، محمد بن محمد بن الحسين، _d421-493 هجري. _tكنز الوصول إلى معرفة الأصول. |
| 700 |
_aبكداش, سائد. _eتحقيق |
||
| 942 |
_2ddc _cBOOK _n0 |
||
| 949 |
_aSA-JeALM _d250810 _umohamedma123 _n1 |
||
| 999 |
_c12041 _d12041 |
||